Loading...

Globalization and human rights

Bibliographic Details
Main Author: Thakur,Sadhana
Format: Printed Book
Language:Undetermined
Published: Innovative imprint New delhi, 2018
Subjects:
LEADER 00493nam a2200145Ia 4500
008 200324s9999 xx 000 0 und d
082 |a 341.48  |b THA-G 
100 |a Thakur,Sadhana 
245 0 |a Globalization and human rights 
260 |b Innovative imprint New delhi,  |c 2018 
300 |a 232p. 
650 |a Human rights--globalization 
942 |c BK 
999 |c 289371  |d 289371 
952 |0 0  |1 0  |4 0  |6 341_480000000000000_THAG  |7 0  |9 307905  |a SDE  |b SDE  |d 2019-02-19  |l 0  |o 341.48 THA-G  |p SDE25721  |r 2020-03-27  |w 2020-03-27  |y BK